| 000 | 00354pab a2200145 454500 | ||
|---|---|---|---|
| 008 | 180718b1995 xxu||||| |||| 00| 0 eng d | ||
| 100 | _aJagmohan | ||
| 245 |
_aElection Commission _bappointment of members. |
||
| 260 | _c1995 | ||
| 300 | _ap.11 | ||
| 362 | _a3 Aug | ||
| 650 | _aElection officials - India | ||
| 773 | _aHindustan Times | ||
| 909 | _a29871 | ||
| 999 |
_c29871 _d29871 |
||